000
00285nam a22001337a 4500
008
170919b xxu||||| |||| 00| 0 eng d
020
_a
9780764532719
041
_a
eng
080
_2
2ND
_a
77
100
_a
44
101
_a
ART
245
_a
PHOTOSHOP
_c
CLELLAND,D.M
942
_2
udc
_c
BK
999
_c
28178
_d
28178